000
00261nam a2200097Ia 4500
001
1250284
005
20251031150853.0
008
251031s9999 xx 000 0 und d
245
0
_c
BURAK AKYOL
_a
A-5 ÖZGÜRLÜK DAİMA YALNIZLARINDIR
260
_b
DESTEK YAYINLARI
999
_c
1250284
_d
1250284